00234nam a2200085Ia 4500008004100000100002400041245003200065260004200097260000900139170620s9999 xx 000 0 und d aElizabeth- M. E. S. 0aMethods of Teaching English bNew Delhi- Discovery Publishing House c2007